000 01637 a2200205 4500
001 21649
005 20260407155506.0
008 260407a1979 arg spa d
003 AR-UNSa-BCEJYS
040 _aAR-UNSa-BCEJYS
_bspa
_cAR-UNSa-BCEJYS
080 _a336.226.1
_xImpuestos a las ganancias o los beneficios (Impuesto Diferido)
245 1 0 _aImpuesto a las ganancias
250 _a7a. ed
264 1 _aBuenos Aires :
_bEdiciones Contabilidad Moderna
_c1979
300 _a881 p.
_c22 cm.
505 _a 1. Teoría general y antecedentes argentinos - 2.Objeto del impuesto - 3. Fuente argentina - 4. Clasificación y análisis de las rentas imponibles - 5. Sujeto del impuesto - 6. Deducciones personales y exenciones - 7. Contabilidad Fiscal - 8. Normas generales sobre dererminación de la renta - 9. Determinación de la renta en la primera categoria - 10. Determinación de la renta en la segunda categoria - 11. Detrminación de la renta en la tercera categoria. Aspectos generales - 12. Amortizaciones - 13.Valuación de las mercaderias en los inverntarios - 14. Malos creditos - 15. Previsiones y reservas - 16. Diferencias de cambio por operaciones en moneda extranjera - 17. El ajuste por inflación - 18. Determinación dela renta en la cuarta categoria - 19. Incentivos a la inversión - 20. Explotaciones agropecuarias - 21. Operaciones inmobiliarias y construcciones - 22. Rentas delas sociedades de capital y de sus accionistas - 23. La reorganización de empresas - 24. Liquidación, ingresos y retención del impuesto
942 _cBK
590 _aniveau_biblio:m niveau_hierar:0
100 1 _aReig, Enrique Jorge
999 _c833
_d833